000 00785nam a2200241 i 4500
001 91844
003 ES-MaACL
005 20231226133727.0
007 t|
008 050223s1981 sp ||||1| spa d
020 _a84-339-1017-5
080 _a791.44 Berlanga, Luis.072.3
100 1 _aHenández Les, Juan.
_962505
245 1 3 _aEl último austro-húngaro
_b: conversaciones con Berlanga /
_cJuan Hernández Les, Manuel Hidalgo.
260 _aBarcelona :
_bAnagrama,
_c[1981]
300 _a157 p. ;
_c20 cm.
490 1 _aCinemateca Anagrama ;
_v17
600 1 7 _aGarcía Berlanga, Luis,
_d1921-2010
_2embne
_9171047
700 1 _aHidalgo, Manuel.
_963576
830 0 _aCinemateca Anagrama ;
_v17
_9184158
852 _aES-MaACL
_jL-28895
_bR.135166
999 _c91844
_d91844